LEADER 02313nam1 2200301 450 001 996672175703316 005 20250903144831.0 010 $a978-88-290-2766-8 100 $a20250903d2024----km y0itay5003 ba 101 0 $aita 102 $aIT 105 $ay 00 y 200 1 $a<> scuola dell'infanzia nel sistema integrato$eattualità e prospettive$fa cura di Francesca Linda Zaninelli 210 $aRoma$cCarocci$d2024 215 $a227 p.$d22 cm 225 2 $aStudi superiori$v1456 330 $aLa scuola dell?infanzia ha alle spalle una lunga storia ricca di pensiero pedagogico e sta vivendo un presente in cui la costruzione della propria identità deve confrontarsi con una doppia appartenenza: da una parte, al sistema integrato di educazione e istruzione dalla nascita fino ai 6 anni (D.Lgs. 65/2017), e dall?altra al curricolo verticale 3-14 anni, delineato dalle Indicazioni nazionali e attuato negli istituti comprensivi. Il volume propone un itinerario all?interno della scuola delle bambine e dei bambini da 3 a 6 anni a partire dalle esperienze e dalla pluralità dei modelli organizzativi e gestionali. Un percorso che si snoda tra i documenti pedagogici che ne hanno accompagnato l?evoluzione e modellato la pedagogia e che racconta del curricolo e della quotidianità educativa dei bambini e degli adulti, riflettendo sui temi e sulle questioni aperte che rappresentano le sfide a cui la scuola dell?infanzia è chiamata in prospettiva. I capitoli di cui si compone il libro sono scritti da Anna Bondioli, Susanna Mantovani, Donatella Savio, Paola Cagliari, Claudia Giudici, Sara Casiraghi, Elisabetta Ossola e Valeria Vismara. Le autrici sono docenti universitarie, pedagogiste e insegnanti, da sempre impegnate nella ricerca, nella formazione e nell?educazione zerosei. La curatela è di Francesca Linda Zaninelli, a sua volta autrice di capitoli nel testo. (Fonte: editore) 410 0$aStudi superiori$v1456 606 0 $aAsili infantili$xEducazione$yItalia$2BNCF 676 $a372.2180945 702 1$aZANINELLI,$bFrancesca Linda 801 0$aIT$bcba$gREICAT 912 $a996672175703316 951 $aII.4. 4701$b293090 L.M.$cII.4.$d570733 959 $aBK 969 $aUMA 996 $aScuola dell'infanzia nel sistema integrato$94428816 997 $aUNISA